Countries within 500km of Mauritania - Statistics

General Stats
  • This quiz has been taken 33 times
  • The average score is 7 of 7
Answers on the Map
Answers color-coded by a green-red scale on the quiz's map according to % correct below.
 
Answer Stats
Answer % Correct
Algeria
100%
Guinea
100%
Mali
100%
Morocco
100%
Gambia
97%
Senegal
97%
Guinea-Bissau
91%
No matching quizzes found
Score Distribution
Percent of People with Each Score
Percentile by Number Answered
Your Score History
You have not taken this quiz